Spanish Football A-Z - Statistics

General Stats
  • This quiz has been taken 370 times
  • The average score is 17 of 24
Answer Stats
Clue Answer % Correct
B Catalan giant FC Barcelona
98%
I __ Casillas Iker
91%
R Most Champions League trophy's Real Madrid
90%
J __ Mata Juan
88%
C Stadium of the team above Camp Nou
86%
X Played 505 matches for Barcelona Xavier Hernández (Xavi)
85%
A 'Los Rojiblancos' Atlético Madrid
82%
E Club from Barcelona Espanyol
80%
D Champions of Spain in 99/00 Deportivo La Coruña
76%
V All-time topscorer national team David Villa
73%
Q Més __ un club que
71%
F Played for Arsenal, Barcelona, Chelsea, Monaco Cesc Fàbregas
70%
T Player sometimes referred to as 'El Niño' Fernando Torres
70%
S First name of the most capped player for the national team Sergio
65%
G Club that plays its matches in Coliseum Alfonso Pérez Getafe
63%
O Club from Pamplona Osasuna
62%
H Player that went from Man Utd to PSG in 2019 Ander Herrera
59%
L Club from Valencia Levante
58%
Z City of the club with the nickname 'Blanquillos' Zaragoza
58%
W New stadium of Atlético Madrid Wanda Metropolitano
57%
K Jorge Resurrección Merodio, known as: Koke
49%
M Stadium of Valencia CF Estadio Mestalla
46%
P Player with the following nicknames: 'Tiburón', 'Corazon de Leon', 'Tarzán' Carles Puyol
38%
N Former Man City player Jesús Navas
37%
No matching quizzes found
Score Distribution
Percent of People with Each Score
Percentile by Number Answered
Your Score History
You have not taken this quiz